000
00236nam a2200097Ia 4500
001
908863
005
20250826185103.0
008
250824s9999 xx 000 0 und d
245
0
_a
VİKİNGLER
_c
ROBERT LEIGHTON
260
_b
PANAMA YAYINLARI
999
_c
908863
_d
908863